000
00290nam a22001337a 4500
003
SGT
082
_a
615.53
_b
P16G
100
_a
GUPTA, L.P
245
_a
POSITIVE HEALTH THROUGH AYURVEDA
260
_a
DELHI
_b
CHAUKHAMBHA PUB
_c
2011
300
_a
216
650
_a
AYURVEDA
942
_2
ddc
_c
BK
999
_c
11293
_d
11293